| 000 | 00365 a2200157 4500 | ||
|---|---|---|---|
| 001 | 155305 | ||
| 040 | _cEscola São Tomás de Aquino | ||
| 100 | _aGIOVANNI, José Ruy | ||
| 240 | 1 | 0 |
_aMatemática uma nova abordagem _lpor |
| 245 | 1 | 0 | _aMatemática uma nova abordagem |
| 300 | _a399 | ||
| 362 | 0 | _a2011 | |
| 440 | 1 | _aFTD | |
| 697 | _aMATEMÁTICA | ||
| 942 | _cBK | ||
| 999 |
_c155305 _d155305 |
||